| 000 | 00509nam a2200217Ia 4500 | ||
|---|---|---|---|
| 008 | 170918s9999 xx 000 0 und d | ||
| 020 | _a9780545607643 | ||
| 050 | _bM163 2013 | ||
| 100 | _aMclean, Hope | ||
| 245 | _aKeep friends close, emeralds closer / | ||
| 245 | _cby Hope McLean. | ||
| 260 | _aNew York : | ||
| 260 | _bScholastic, | ||
| 260 | _c2013 | ||
| 300 | _a139 pages : | ||
| 300 | _billustrations ; | ||
| 300 | _c19cm. | ||
| 300 | _eJewel society ; | ||
| 440 | _a3 | ||
| 500 | _a640 | ||
| 999 |
_c344373 _d344373 |
||